Szczegóły MARC21

Ekonomiczne Problemy Łączności /

001 -Numer kontrolny rekordu [,]
    • @
    • pole kontrolne
    • cc2000014549
005 -Data i czas ostatniej zmiany [,]
    • @
    • Data ostatniej zmiany
    • 20241231090632.0
022 -Międzynarodowy Znormalizowany Numer Wydawnictwa Ciągłego - ISSN [ , ]
    • a
    • International Standard Serial Number
    • 1509-0523
035 -Inne numery kontrolne [ , ]
    • a
    • Numer kontrolny
    • (OCoLC)749153339
040 -Instytucja sporządzająca opis [ , ]
    • a
    • Instytucja, która sporządziła opis (NP)
    • KR U/AK
    • c
    • Instytucja, która sporządziła rekord (NP)
    • KR U/AK
    • d
    • Instytucja, która zmodyfikowała rekord (P)
    • KR U/SA
    • d
    • Instytucja, która zmodyfikowała rekord (P)
    • GD U/MR
    • d
    • Instytucja, która zmodyfikowała rekord (P)
    • KR U/MBKs
041 -Język dokumentu [0, ]
    • a
    • Język tekstu (P)
    • polski
    • b
    • Język streszczeń(P)
    • angielski
942 -Rodzaj dokumentu [ , ]
    • c
    • Rodzaj dokumentu
    • Wydaw. ciągłe w tym czasopisma
998 -Inne dane NUKAT [ , ]
    • a
    • Numer systemowy
    • vtls000022182
210 -Skrót tytułu [1, ]
    • a
    • Skrót tytułu
    • Ekonom. Probl. Łącz.
222 -Tytuł kluczowy [ ,0]
    • a
    • Tytuł kluczowy
    • Ekonomiczne Problemy Łączności
245 -Strefa tytułu i oznaczenia odpowiedzialności [0,0]
    • a
    • Tytuł
    • Ekonomiczne Problemy Łączności /
    • c
    • Pozostałe elementy strefy tytułu i oznaczenia odpowiedzialności (NP)
    • Uniwersytet Szczeciński.
246 -Wariant tytułu [3,6]
    • a
    • Tytuł (NP)
    • Zeszyty Naukowe Uniwersytetu Szczecińskiego.
    • p
    • Nazwa części (P)
    • Ekonomiczne Problemy Łączności
260 -Strefa adresu wydawniczego [ , ]
    • a
    • Miejsce wydania (P)
    • Szczecin :
    • b
    • Nazwa wydawcy (P)
    • Wydaw. Nauk. US,
    • c
    • Data wydania (P)
    • 1999-.
830 -Hasło dodatkowe serii i opisu książki wielotomowej - tytuł ujednolicony/tytuł [ ,0]
    • a
    • Tytuł ujednolicony/tytuł (NP)
    • Zeszyty Naukowe - Uniwersytet Szczeciński
    • x
    • ISSN
    • 1640-6818
300 -Strefa opisu fizycznego [ , ]
    • c
    • Format (NP)
    • 24 cm.
310 -Częstotliwość [ , ]
    • a
    • Częstotliwość
    • Niereg.
336 -Typ zawartości [ , ]
    • a
    • Termin opisujący typ zawartości
    • Tekst
    • b
    • Typ/rodzaj nośnika
    • txt
    • 2
    • Źródło (termin i kod)
    • rdacontent
337 -Typ mediów [ , ]
    • a
    • Tryb odtwarzania
    • Bez urządzenia pośredniczącego
    • b
    • Kod typu mediów
    • n
    • 2
    • Źródło (termin i kod)
    • rdamedia
338 -Typ/rodzaj nośnika [ , ]
    • a
    • Hasło opisujące typ nośnika
    • Wolumin
    • b
    • Kod typu nośnika
    • nc
    • 2
    • Źródło (termin i kod)
    • rdacarrier
362 -Strefa numeracji [0, ]
    • a
    • Strefa numeracji
    • Nr 1-.
490 -Strefa serii i książki wielotomowej - forma nie do wyszukiwania [1, ]
    • a
    • Tytuł (P)
    • Zeszyty Naukowe / Uniwersytet Szczeciński
500 -Uwaga ogólna [ , ]
    • a
    • Uwaga ogólna (NP)
    • W zbiorze og. Zeszytów Naukowych z.1 oznaczony jako nr 257.
546 -Uwaga dot. języka [ , ]
    • a
    • Uwaga dot. języka
    • Tekst w jęz. pol. ze streszcz. w jęz. ang.
650 -Hasło przedmiotowe - nazwa pospolita [ ,7]
    • a
    • Hasło przedmiotowe
    • Telefonia
    • x
    • Określnik rzeczowy
    • aspekt ekonomiczny
650 -Hasło przedmiotowe - nazwa pospolita [ ,7]
    • a
    • Hasło przedmiotowe
    • Telekomunikacja
    • x
    • Określnik rzeczowy
    • aspekt ekonomiczny
650 -Hasło przedmiotowe - nazwa pospolita [ ,7]
    • a
    • Hasło przedmiotowe
    • Systemy telekomunikacyjne
710 -Hasło dodatkowe - nazwa ciała zbiorowego [2, ]
    • a
    • Nazwa ciała zbiorowego lub nazwa geograficzna jako pierwszy element (NP)
    • Uniwersytet Szczeciński.
952 -Egzemplarz [ , ]
    • c
    • Sygnatura
    • Cg.28259(Pdc)
    • d
    • Lokalizacja
    • BG Dział Udostępniania Biblioteka Główna
    • i
    • Nr tomu wydaw.cg
    • Nr 1 (1999)
    • y
    • Status udostępniania
    • Tylko na miejscu
952 -Egzemplarz [ , ]
    • c
    • Sygnatura
    • Cg.28259(Pdc)
    • d
    • Lokalizacja
    • BG Dział Udostępniania Biblioteka Główna
    • i
    • Nr tomu wydaw.cg
    • Nr 2 (2000)
    • y
    • Status udostępniania
    • Tylko na miejscu
952 -Egzemplarz [ , ]
    • c
    • Sygnatura
    • Cg.28259(Pdc)
    • d
    • Lokalizacja
    • BG Dział Udostępniania Biblioteka Główna
    • i
    • Nr tomu wydaw.cg
    • Nr 3 (2001)
    • y
    • Status udostępniania
    • Tylko na miejscu
952 -Egzemplarz [ , ]
    • c
    • Sygnatura
    • Cg.28259(Pdc)
    • d
    • Lokalizacja
    • BG Dział Udostępniania Biblioteka Główna
    • i
    • Nr tomu wydaw.cg
    • Nr 6 (2005)
    • y
    • Status udostępniania
    • Tylko na miejscu
952 -Egzemplarz [ , ]
    • c
    • Sygnatura
    • Cg.28259(Pdc)
    • d
    • Lokalizacja
    • BG Dział Udostępniania Biblioteka Główna
    • i
    • Nr tomu wydaw.cg
    • Nr 7 (2006)
    • y
    • Status udostępniania
    • Tylko na miejscu
952 -Egzemplarz [ , ]
    • c
    • Sygnatura
    • Tc.246
    • d
    • Lokalizacja
    • T Biblioteka Kampusowa Cukrowa EFZ
    • i
    • Nr tomu wydaw.cg
    • Nr 1 (1999).
    • y
    • Status udostępniania
    • Tylko na miejscu
952 -Egzemplarz [ , ]
    • c
    • Sygnatura
    • Tc.246
    • d
    • Lokalizacja
    • T Biblioteka Kampusowa Cukrowa EFZ
    • i
    • Nr tomu wydaw.cg
    • Nr 2 (2000).
    • y
    • Status udostępniania
    • Tylko na miejscu
952 -Egzemplarz [ , ]
    • c
    • Sygnatura
    • Tc.246
    • d
    • Lokalizacja
    • T Biblioteka Kampusowa Cukrowa EFZ
    • i
    • Nr tomu wydaw.cg
    • Nr 3 (2001).
    • y
    • Status udostępniania
    • Tylko na miejscu
952 -Egzemplarz [ , ]
    • c
    • Sygnatura
    • Tc.246
    • d
    • Lokalizacja
    • T Biblioteka Kampusowa Cukrowa EFZ
    • i
    • Nr tomu wydaw.cg
    • Nr 7 (2006)
    • y
    • Status udostępniania
    • Tylko na miejscu
952 -Egzemplarz [ , ]
    • c
    • Sygnatura
    • Tc.246
    • d
    • Lokalizacja
    • T Biblioteka Kampusowa Cukrowa EFZ
    • i
    • Nr tomu wydaw.cg
    • Nr 8 (2007)
    • y
    • Status udostępniania
    • Tylko na miejscu
952 -Egzemplarz [ , ]
    • c
    • Sygnatura
    • Tc.246
    • d
    • Lokalizacja
    • T Biblioteka Kampusowa Cukrowa EFZ
    • i
    • Nr tomu wydaw.cg
    • Nr 9 (2008)
    • y
    • Status udostępniania
    • Tylko na miejscu
952 -Egzemplarz [ , ]
    • c
    • Sygnatura
    • Ec.48080
    • d
    • Lokalizacja
    • BE Biblioteka Ekonomiczna
    • i
    • Nr tomu wydaw.cg
    • Nr 7 (2006)
    • y
    • Status udostępniania
    • Tylko na miejscu
952 -Egzemplarz [ , ]
    • c
    • Sygnatura
    • Ec.48080
    • d
    • Lokalizacja
    • BE Biblioteka Ekonomiczna
    • i
    • Nr tomu wydaw.cg
    • Nr 8 (2007)
    • y
    • Status udostępniania
    • Tylko na miejscu
952 -Egzemplarz [ , ]
    • c
    • Sygnatura
    • Tc.246
    • d
    • Lokalizacja
    • T Biblioteka Kampusowa Cukrowa EFZ
    • i
    • Nr tomu wydaw.cg
    • Nr 4 (2002)
    • y
    • Status udostępniania
    • Tylko na miejscu
952 -Egzemplarz [ , ]
    • a
    • Numer inwentarzowy
    • TM.5926
    • d
    • Lokalizacja
    • T Biblioteka Kampusowa Cukrowa EFZ
    • e
    • Akcesja
    • 07k127a/7
    • i
    • Nr tomu wydaw.cg
    • Nr 10 (2007)
    • p
    • Kod kreskowy
    • 2001300059260
    • r
    • Cena
    • 53.10
    • v
    • Data wprowadzenia opisu
    • 2007-07-19
    • w
    • Data inwentaryzacji
    • 2008-10-10
    • y
    • Status udostępniania
    • Zaginiona
    • z
    • Sposób nabycia
    • kupno zwarte
    • g
    • Ubytek
    • 6/2025-02-26
952 -Egzemplarz [ , ]
    • c
    • Sygnatura
    • Tc.246
    • d
    • Lokalizacja
    • T Biblioteka Kampusowa Cukrowa EFZ
    • i
    • Nr tomu wydaw.cg
    • Nr 1 (1999).
    • y
    • Status udostępniania
    • Tylko na miejscu
952 -Egzemplarz [ , ]
    • c
    • Sygnatura
    • Tc.246
    • d
    • Lokalizacja
    • T Biblioteka Kampusowa Cukrowa EFZ
    • i
    • Nr tomu wydaw.cg
    • Nr 1 (1999).
    • y
    • Status udostępniania
    • Tylko na miejscu
952 -Egzemplarz [ , ]
    • c
    • Sygnatura
    • Tc.246
    • d
    • Lokalizacja
    • T Biblioteka Kampusowa Cukrowa EFZ
    • i
    • Nr tomu wydaw.cg
    • Nr 3 (2001).
    • y
    • Status udostępniania
    • Tylko na miejscu
952 -Egzemplarz [ , ]
    • c
    • Sygnatura
    • Tc.246
    • d
    • Lokalizacja
    • T Biblioteka Kampusowa Cukrowa EFZ
    • i
    • Nr tomu wydaw.cg
    • Nr 1 (1999).
    • y
    • Status udostępniania
    • Tylko na miejscu
952 -Egzemplarz [ , ]
    • c
    • Sygnatura
    • Tc.246
    • d
    • Lokalizacja
    • T Biblioteka Kampusowa Cukrowa EFZ
    • i
    • Nr tomu wydaw.cg
    • Nr 3 (2001).
    • y
    • Status udostępniania
    • Tylko na miejscu
952 -Egzemplarz [ , ]
    • c
    • Sygnatura
    • Tc.246
    • d
    • Lokalizacja
    • T Biblioteka Kampusowa Cukrowa EFZ
    • i
    • Nr tomu wydaw.cg
    • Nr 6 (2005).
    • y
    • Status udostępniania
    • Tylko na miejscu
952 -Egzemplarz [ , ]
    • a
    • Numer inwentarzowy
    • Ec.48080
    • c
    • Sygnatura
    • Ec.48080
    • d
    • Lokalizacja
    • BE Biblioteka Ekonomiczna
    • i
    • Nr tomu wydaw.cg
    • Nr 1 (1999)
    • p
    • Kod kreskowy
    • 2003200480809
    • r
    • Cena
    • 0.00
    • y
    • Status udostępniania
    • Tylko na miejscu
952 -Egzemplarz [ , ]
    • a
    • Numer inwentarzowy
    • Ec.48770
    • c
    • Sygnatura
    • Ec.48080
    • d
    • Lokalizacja
    • BE Biblioteka Ekonomiczna
    • i
    • Nr tomu wydaw.cg
    • Nr 2 (2000)
    • p
    • Kod kreskowy
    • 2003200487709
    • r
    • Cena
    • 0.00
    • y
    • Status udostępniania
    • Tylko na miejscu
952 -Egzemplarz [ , ]
    • a
    • Numer inwentarzowy
    • Ec.49776
    • c
    • Sygnatura
    • Ec.48080
    • d
    • Lokalizacja
    • BE Biblioteka Ekonomiczna
    • i
    • Nr tomu wydaw.cg
    • Nr 3 (2001)
    • p
    • Kod kreskowy
    • 2003200497760
    • r
    • Cena
    • 0.00
    • y
    • Status udostępniania
    • Tylko na miejscu
952 -Egzemplarz [ , ]
    • a
    • Numer inwentarzowy
    • Ec.50445
    • c
    • Sygnatura
    • Ec.48080
    • d
    • Lokalizacja
    • BE Biblioteka Ekonomiczna
    • i
    • Nr tomu wydaw.cg
    • Nr 4 (2002)
    • p
    • Kod kreskowy
    • 2003200504451
    • r
    • Cena
    • 0.00
    • y
    • Status udostępniania
    • Tylko na miejscu
952 -Egzemplarz [ , ]
    • a
    • Numer inwentarzowy
    • Ec.50662
    • c
    • Sygnatura
    • Ec.48080
    • d
    • Lokalizacja
    • BE Biblioteka Ekonomiczna
    • i
    • Nr tomu wydaw.cg
    • Nr 5 (2003)
    • p
    • Kod kreskowy
    • 2003200506622
    • r
    • Cena
    • 0.00
    • y
    • Status udostępniania
    • Tylko na miejscu
952 -Egzemplarz [ , ]
    • a
    • Numer inwentarzowy
    • Ec.51669
    • c
    • Sygnatura
    • Ec.48080
    • d
    • Lokalizacja
    • BE Biblioteka Ekonomiczna
    • i
    • Nr tomu wydaw.cg
    • Nr 6 (2005).
    • p
    • Kod kreskowy
    • 2003200516690
    • r
    • Cena
    • 0.00
    • y
    • Status udostępniania
    • Tylko na miejscu
952 -Egzemplarz [ , ]
    • a
    • Numer inwentarzowy
    • Cg.35374
    • c
    • Sygnatura
    • Cg.28259(Pdc)
    • d
    • Lokalizacja
    • BG Dział Udostępniania Biblioteka Główna
    • e
    • Akcesja
    • 13d343a/4
    • i
    • Nr tomu wydaw.cg
    • Nr 13 (2012)
    • p
    • Kod kreskowy
    • 2003000353747
    • r
    • Cena
    • 6.19
    • v
    • Data wprowadzenia opisu
    • 2013-06-18
    • w
    • Data inwentaryzacji
    • 2013-11-25
    • y
    • Status udostępniania
    • Tylko na miejscu
952 -Egzemplarz [ , ]
    • a
    • Numer inwentarzowy
    • Tc.3232
    • c
    • Sygnatura
    • Tc.246
    • d
    • Lokalizacja
    • T Biblioteka Kampusowa Cukrowa EFZ
    • e
    • Akcesja
    • 13d343a/4
    • i
    • Nr tomu wydaw.cg
    • Nr 13 (2012)
    • p
    • Kod kreskowy
    • 2004200032326
    • r
    • Cena
    • 6.19
    • v
    • Data wprowadzenia opisu
    • 2013-06-18
    • w
    • Data inwentaryzacji
    • 2013-11-25
    • y
    • Status udostępniania
    • Nocne
952 -Egzemplarz [ , ]
    • a
    • Numer inwentarzowy
    • Ec.52359
    • d
    • Lokalizacja
    • BE Biblioteka Ekonomiczna
    • e
    • Akcesja
    • 07d396/4
    • i
    • Nr tomu wydaw.cg
    • Nr 10 (2007)
    • p
    • Kod kreskowy
    • 2003200523599
    • r
    • Cena
    • 60.00
    • v
    • Data wprowadzenia opisu
    • 2007-07-17
    • w
    • Data inwentaryzacji
    • 2008-10-16
    • y
    • Status udostępniania
    • Tylko na miejscu
952 -Egzemplarz [ , ]
    • a
    • Numer inwentarzowy
    • Cg.33098
    • c
    • Sygnatura
    • Cg.28259(Pdc)
    • d
    • Lokalizacja
    • BG Dział Udostępniania Biblioteka Główna
    • e
    • Akcesja
    • 07d396/4
    • i
    • Nr tomu wydaw.cg
    • Nr 10 (2007)
    • p
    • Kod kreskowy
    • 2003000330984
    • r
    • Cena
    • 60.00
    • v
    • Data wprowadzenia opisu
    • 2007-07-17
    • w
    • Data inwentaryzacji
    • 2008-10-16
    • y
    • Status udostępniania
    • Tylko na miejscu
952 -Egzemplarz [ , ]
    • a
    • Numer inwentarzowy
    • Tc.3089
    • c
    • Sygnatura
    • Tc.246
    • d
    • Lokalizacja
    • T Biblioteka Kampusowa Cukrowa EFZ
    • e
    • Akcesja
    • 12d343/5
    • i
    • Nr tomu wydaw.cg
    • Nr 12 (2011)
    • p
    • Kod kreskowy
    • 2004200030896
    • r
    • Cena
    • 21.00
    • v
    • Data wprowadzenia opisu
    • 2012-07-04
    • w
    • Data inwentaryzacji
    • 2012-07-11
    • y
    • Status udostępniania
    • Nocne
952 -Egzemplarz [ , ]
    • a
    • Numer inwentarzowy
    • Tc.2477
    • c
    • Sygnatura
    • Tc.246
    • d
    • Lokalizacja
    • T Biblioteka Kampusowa Cukrowa EFZ
    • e
    • Akcesja
    • 08d142a/14
    • i
    • Nr tomu wydaw.cg
    • Nr 10 (2007)
    • p
    • Kod kreskowy
    • 2004200024772
    • r
    • Cena
    • 53.10
    • v
    • Data wprowadzenia opisu
    • 2008-03-12
    • w
    • Data inwentaryzacji
    • 2008-10-14
    • y
    • Status udostępniania
    • Nocne
952 -Egzemplarz [ , ]
    • a
    • Numer inwentarzowy
    • Ec.53822
    • c
    • Sygnatura
    • Ec.48080
    • d
    • Lokalizacja
    • BE Biblioteka Ekonomiczna
    • e
    • Akcesja
    • 12d430a/2
    • i
    • Nr tomu wydaw.cg
    • Nr 12 (2011)
    • p
    • Kod kreskowy
    • 2003200538227
    • r
    • Cena
    • 37.14
    • v
    • Data wprowadzenia opisu
    • 2012-08-28
    • w
    • Data inwentaryzacji
    • 2012-10-18
    • y
    • Status udostępniania
    • Tylko na miejscu
952 -Egzemplarz [ , ]
    • a
    • Numer inwentarzowy
    • Cg.34732
    • c
    • Sygnatura
    • Cg.28259(Pdc)
    • d
    • Lokalizacja
    • BG Dział Udostępniania Biblioteka Główna
    • e
    • Akcesja
    • 12d430a/2
    • i
    • Nr tomu wydaw.cg
    • Nr 12 (2011)
    • p
    • Kod kreskowy
    • 2003000347326
    • r
    • Cena
    • 37.14
    • v
    • Data wprowadzenia opisu
    • 2012-08-28
    • w
    • Data inwentaryzacji
    • 2012-10-18
    • y
    • Status udostępniania
    • Tylko na miejscu
952 -Egzemplarz [ , ]
    • a
    • Numer inwentarzowy
    • Cg.33938
    • c
    • Sygnatura
    • Cg.28259(Pdc)
    • d
    • Lokalizacja
    • BG Dział Udostępniania Biblioteka Główna
    • e
    • Akcesja
    • 10d254/1
    • i
    • Nr tomu wydaw.cg
    • Nr 11 (2009)
    • p
    • Kod kreskowy
    • 2003000339383
    • r
    • Cena
    • 21.00
    • v
    • Data wprowadzenia opisu
    • 2010-04-13
    • w
    • Data inwentaryzacji
    • 2010-09-07
    • y
    • Status udostępniania
    • Tylko na miejscu
952 -Egzemplarz [ , ]
    • a
    • Numer inwentarzowy
    • Tc.2797
    • c
    • Sygnatura
    • Tc.246
    • d
    • Lokalizacja
    • T Biblioteka Kampusowa Cukrowa EFZ
    • e
    • Akcesja
    • 10d254/1
    • i
    • Nr tomu wydaw.cg
    • Nr 11 (2009)
    • p
    • Kod kreskowy
    • 2004200027971
    • r
    • Cena
    • 21.00
    • v
    • Data wprowadzenia opisu
    • 2010-04-13
    • w
    • Data inwentaryzacji
    • 2010-09-07
    • y
    • Status udostępniania
    • Nocne
952 -Egzemplarz [ , ]
    • a
    • Numer inwentarzowy
    • TM.5925
    • d
    • Lokalizacja
    • T Biblioteka Kampusowa Cukrowa EFZ
    • e
    • Akcesja
    • 07k127a/7
    • i
    • Nr tomu wydaw.cg
    • Nr 10 (2007)
    • p
    • Kod kreskowy
    • 2001300059253
    • r
    • Cena
    • 53.10
    • v
    • Data wprowadzenia opisu
    • 2007-07-19
    • w
    • Data inwentaryzacji
    • 2008-10-10
    • y
    • Status udostępniania
    • krótkoterminowe
952 -Egzemplarz [ , ]
    • a
    • Numer inwentarzowy
    • TM.6330
    • d
    • Lokalizacja
    • T Biblioteka Kampusowa Cukrowa EFZ
    • e
    • Akcesja
    • 07d747b/6
    • i
    • Nr tomu wydaw.cg
    • Nr 10 (2007)
    • p
    • Kod kreskowy
    • 2001300063304
    • r
    • Cena
    • 60.00
    • v
    • Data wprowadzenia opisu
    • 2007-12-18
    • w
    • Data inwentaryzacji
    • 2009-02-12
    • y
    • Status udostępniania
    • miesięczne
952 -Egzemplarz [ , ]
    • a
    • Numer inwentarzowy
    • TM.6502
    • d
    • Lokalizacja
    • T Biblioteka Kampusowa Cukrowa EFZ
    • e
    • Akcesja
    • 09d110a/19
    • i
    • Nr tomu wydaw.cg
    • Nr 10 (2007)
    • p
    • Kod kreskowy
    • 2001300065025
    • r
    • Cena
    • 60.00
    • v
    • Data wprowadzenia opisu
    • 2009-02-17
    • w
    • Data inwentaryzacji
    • 2009-04-09
    • y
    • Status udostępniania
    • miesięczne
952 -Egzemplarz [ , ]
    • a
    • Numer inwentarzowy
    • TM.10125
    • d
    • Lokalizacja
    • T Biblioteka Kampusowa Cukrowa EFZ
    • e
    • Akcesja
    • 13d582/3
    • i
    • Nr tomu wydaw.cg
    • Nr 10 (2007)
    • p
    • Kod kreskowy
    • 2001300101259
    • r
    • Cena
    • 53.10
    • v
    • Data wprowadzenia opisu
    • 2013-12-04
    • w
    • Data inwentaryzacji
    • 2014-01-07
    • y
    • Status udostępniania
    • miesięczne
952 -Egzemplarz [ , ]
    • a
    • Numer inwentarzowy
    • TM.10126
    • d
    • Lokalizacja
    • T Biblioteka Kampusowa Cukrowa EFZ
    • e
    • Akcesja
    • 13d582/3
    • i
    • Nr tomu wydaw.cg
    • Nr 10 (2007)
    • p
    • Kod kreskowy
    • 2001300101266
    • r
    • Cena
    • 53.10
    • v
    • Data wprowadzenia opisu
    • 2013-12-04
    • w
    • Data inwentaryzacji
    • 2014-01-07
    • y
    • Status udostępniania
    • miesięczne
952 -Egzemplarz [ , ]
    • a
    • Numer inwentarzowy
    • TM.10124
    • d
    • Lokalizacja
    • T Biblioteka Kampusowa Cukrowa EFZ
    • e
    • Akcesja
    • 13d582/3
    • i
    • Nr tomu wydaw.cg
    • Nr 10 (2007)
    • p
    • Kod kreskowy
    • 2001300101242
    • r
    • Cena
    • 53.10
    • v
    • Data wprowadzenia opisu
    • 2013-12-04
    • w
    • Data inwentaryzacji
    • 2014-01-07
    • y
    • Status udostępniania
    • miesięczne
952 -Egzemplarz [ , ]
    • a
    • Numer inwentarzowy
    • Cg.32633
    • c
    • Sygnatura
    • Cg.28259(Pdc)
    • d
    • Lokalizacja
    • BG Dział Udostępniania Biblioteka Główna
    • i
    • Nr tomu wydaw.cg
    • Nr 8 (2007)
    • p
    • Kod kreskowy
    • 2003000326338
    • r
    • Cena
    • 0.00
    • y
    • Status udostępniania
    • Tylko na miejscu
952 -Egzemplarz [ , ]
    • a
    • Numer inwentarzowy
    • Cg.33706
    • c
    • Sygnatura
    • Cg.28259(Pdc)
    • d
    • Lokalizacja
    • BG Dział Udostępniania Biblioteka Główna
    • i
    • Nr tomu wydaw.cg
    • Nr 9 (2008)
    • p
    • Kod kreskowy
    • 2003000337068
    • r
    • Cena
    • 0.00
    • y
    • Status udostępniania
    • Tylko na miejscu
Uwagi dla czytelnika
Rynek informacji i komunikacji
Rynek informacji i komunikacji
Przeobrażenia na rynku łączności i kierunki jego rozwoju
Przeobrażenia na rynku łączności i kierunki jego rozwoju
Rynek informacji i komunikacji
Przeobrażenia na rynku łączności i kierunki jego rozwoju
Rynek informacji i komunikacji
Rynek informacji i komunikacji
Rynek informacji i komunikacji
Rynek informacji i komunikacji
Przeobrażenia na rynku łączności i kierunki jego rozwoju
Przeobrażenia na rynku łączności i kierunki jego rozwoju
Przeobrażenia na rynku łączności i kierunki jego rozwoju
Przeobrażenia na rynku łączności i kierunki jego rozwoju
Przeobrażenia na rynku łączności i kierunki jego rozwoju
Przeobrażenia na rynku łączności i kierunki jego rozwoju